000 00705nam a2200229Ia 4500
003 GCL
008 140319s9999 xx 000 0 ara d
040 _aGCL /
_cGCL
082 0 4 _a811.03
_bش ر
100 1 _aشوقى ضيف
245 1 0 _aالرثاء /
_cشوقى ضيف
250 _aالرابعة
260 _aالقاهرة :
_bدار المعارف ،
_c1987
300 _a107 ص ؛
_c25 سم
490 _aفنون الادب العربى, الفن الغنائى
_v2
650 0 4 _aالشعر العربى
650 0 4 _aالادب العربى
650 0 4 _aالشعر العربى - تاريخ ونقد
650 0 4 _aالرثاء
650 0 4 _aتاريخ ونقد
942 _2ddc
_cBK
999 _c32035
_d32035